000 00291nam a22001337a 4500
008 180924b xxu||||| |||| 00| 0 eng d
020 _a9780028263489
041 _aeng
080 _a573
100 _a11
101 _aBIO
245 _aBiology Living Systems
_cAlton.B
942 _2udc
_cBK
999 _c48338
_d48338